[Event "corr NLD jub25"]
[Site "?"]
[Date "1991.??.??"]
[Round "?"]
[White "Ekebjaerg, Ove"]
[Black "Timmerman, Gert Jan"]
[Result "0-1"]
[WhiteElo "2635"]
[BlackElo "2710"]
[Annotator "EMS"]
[PlyCount "72"]
[EventDate "1991.11.26"]
[EventType "tourn (corr)"]
[EventRounds "19"]
[EventCountry "NED"]
[SourceTitle "Fernschach2012"]
[Source "Bellmann"]
[SourceDate "2011.12.25"]

1. Nc3 Nf6 2. e4 e5 3. Bc4 Nxe4 4. Qh5 Nd6 5. Bb3 Nc6 6. Nb5 g6 7. Qf3 f5 8.
Qd5 Qe7 9. Nxc7+ Kd8 10. Nxa8 b6 11. d3 Bb7 12. h4 f4 13. Qf3 Nd4 14. Qg4 Bg7 (
14... Bh6) 15. Bd2 Bxa8 16. O-O-O Bf6 17. Bb4 a5 18. Bxd6 (18. Ba3 b5 19. c3
Nxb3+ 20. axb3 b4 21. cxb4 Nb5 $17) 18... Qxd6 19. Nh3 Qc6 (19... e4 $2 20. Ng5
Nxb3+ 21. axb3 Qd4 22. Ne6+ $1 $18) 20. Ng5 (20. c3 Qxg2 21. Qxg2 Nxb3+ 22.
axb3 Bxg2 23. Rh2 Bf3 24. Re1 h6 (24... Bxh4 $2 25. Ng1) 25. Ng1 Bg4 26. Ne2
Re8 $13) 20... a4 $1 21. Bc4 (21. Nf7+ Kc7 22. Nxh8 $2 (22. Bc4) 22... axb3 23.
c3 bxa2 24. Kd2 Nb3+ 25. Ke2 Bxh8 $19) 21... b5 $1 22. Nf7+ (22. c3 bxc4 23.
dxc4 Qxc4 $19) 22... Kc7 23. Nxh8 Bxh8 24. h5 $1 g5 $1 (24... bxc4 25. hxg6
cxd3 26. c3 Ne2+ (26... a3 27. g7 $1) 27. Kb1 Qb5 28. Ka1 a3 29. Rd2 $13) 25.
c3 (25. Qxg5 bxc4 26. dxc4 Qxc4 27. Rxd4 Qxd4 28. Qg8 e4 29. c3 Bd5 $1 30. Qxh7
(30. cxd4 Bxg8 $17) 30... Qe5 31. Rd1 e3 $17) 25... bxc4 26. cxd4 cxd3+ 27. Kb1
(27. Kd2 $2 Qc2+ 28. Ke1 f3 $1 $19) 27... Qc2+ 28. Ka1 a3 $1 29. Rb1 {(#)} (29.
bxa3 $2 e4 $19) 29... Be4 $1 (29... d2 $2 30. Qd1 $2 Be4 31. Qxc2+ Bxc2 32.
Rhc1 $1 dxc1=Q 33. Rxc1 $18) 30. Qd1 exd4 $1 {(/\ d2, d3)} 31. Qf1 $1 d6 $1 (
31... d2 $2 32. Qb5 $1 axb2+ 33. Qxb2) 32. f3 Bf5 33. Qc1 (33. Qe1 d2 34. Qg1
Kc6 35. Qd1 d3 $19) 33... d2 34. Qxc2+ Bxc2 35. Rhd1 d3 $1 36. Rxd2 Kb6 $1 {
Timmerman} (36... Kb6 37. h6 Kb5 38. Rf2 Kb4 39. Rd2 axb2+ 40. Rxb2+ Ka3 $19)
0-1

[Event "corr Chigorin mem"]
[Site "?"]
[Date "1992.??.??"]
[Round "?"]
[White "Ekebjaerg, Ove"]
[Black "Jezek, Jaroslav"]
[Result "1/2-1/2"]
[WhiteElo "2635"]
[BlackElo "2462"]
[Annotator "EMS - INF 60/CCYB 12"]
[PlyCount "95"]
[EventDate "1992.02.01"]
[EventType "tourn (corr)"]
[EventRounds "14"]
[EventCountry "RUS"]
[SourceTitle "Fernschach2012"]
[Source "Bellmann"]
[SourceDate "2011.12.25"]

1. Nc3 c5 2. f4 g6 3. Nf3 Bg7 4. e4 Nc6 5. Bb5 Nd4 6. a4 $5 {(Gufeld)} (6. Nxd4
) (6. Bd3) (6. O-O) 6... e6 7. e5 $5 {( Ne4)} a6 8. Bc4 d5 9. exd6 Nh6 $5 10.
d3 Nhf5 11. Ne4 Nxd6 12. c3 N4f5 (12... Nxc4 13. cxd4 Qa5+ 14. Kf1 $14) (12...
Nxe4 13. dxe4 $14) 13. Bb3 (13. Nxc5 $2 Qc7 $1 14. Nb3 Nxc4 $15) (13. g4 Nxe4
14. gxf5 $6 (14. dxe4 Nd6 15. Bd3 $13) 14... Nd6 15. fxe6 (15. fxg6 hxg6 $15)
15... fxe6 $15) (13. Nxd6+ Qxd6 14. g4 Nh6 {15...Bd7}) 13... b6 14. a5 O-O (
14... Bb7 15. Qe2 O-O 16. axb6 (16. Bc2 {Ekebjaerg,Ove-Povah,N/cr 1989}) 16...
Qxb6 {Ekebjaerg,O-Rittner, NBC-25 1991}) 15. O-O Bb7 16. Bc2 (16. axb6 $6 c4
17. Nxd6 Qxb6+ 18. Kh1 Nxd6 19. dxc4 Rfd8 $44) 16... c4 17. Nxd6 Qxd6 18. dxc4
(18. d4 b5 $15) 18... Qc5+ 19. Kh1 bxa5 $13 20. Qe2 Rac8 21. Bd3 Rfd8 22. Re1
Rd6 23. Nd2 (23. Ne5 $6 Bxe5 24. Bxf5 (24. fxe5 $2 Rxd3 25. Qxd3 Qf2 26. Qf1
Bxg2+ $19) 24... Bxc3 25. bxc3 Qxf5 $17) 23... Rxd3 $5 24. Qxd3 Qf2 25. Rg1 {
(#)} Qxf4 (25... Bf8 26. Nf3 $1 (26. Qh3 $2 Bc5 (26... Ne3 $2 27. Ne4 $1) 27.
Rf1 Qe2 $1 $17) (26. Rxa5 $2 Rc5 27. Rxc5 Bxc5 28. Qf1 Qh4 29. Qd3 Be3 $19) (
26. Qf1 $2 Ng3+ 27. hxg3 Qxg3 28. Nf3 Rc5 $19) (26. Nf1 Bc5 $19) (26. Nb3 Rxc4
27. Nxa5 (27. Qxc4 Ng3+ 28. hxg3 Qxg3 $19) 27... Be4 28. Qxc4 (28. Qh3 Bc5 29.
Bd2 (29. Be3 Nxe3 30. Nxc4 Nxc4 $17) 29... Ra4 $1 $17) 28... Ng3+ 29. hxg3 Qxg3
$19) (26. Qd7 Rb8 $13 (26... Ng3+ 27. hxg3 Qxg3 28. Nf1 Qh4+ 29. Nh2)) 26...
Rc5 27. Bd2 $1 $16 Ng3+ $2 28. hxg3 Rh5+ (28... Qxg3 29. Rgf1 Rh5+ 30. Kg1 Rh2
31. Qe2 $18) 29. Nh2 $3 (29. Nh4 $2 Rxh4+ 30. gxh4 Qxh4+ 31. Qh3 Qxh3#) 29...
Rh3 30. Raf1 $18) (25... Ne3 26. Nf3 Ng4 (26... Nxg2 27. Rf1 $18) (26... Bxf3
27. Bxe3 $18) 27. Bd2 (27. h3 Qxb2 28. hxg4 $1 (28. Bxb2 $2 Nf2+ 29. Kh2 Nxd3
$15) 28... Qxa1 29. Qd7 Qb1 30. Ng5 {Ba3}) 27... Qh4 28. Be1 Qxe1 29. Rgxe1
Nf2+ 30. Kg1 Nxd3 $17) (25... Qh4 26. Nf1 Bf8 (26... Rd8 27. Qe2 Nh6 $13) 27.
Be3 $13) 26. Rxa5 $1 Qh4 27. Nf1 (27. Rxf5 $6 exf5 $1 (27... gxf5 $2 28. Qd7
Be5 29. Nf3 Bxf3 30. gxf3+ $18) 28. Qd7 (28. Nf3 Qe4 $15) 28... Be5 29. Nf1 (
29. Nf3 $2 Bxf3 30. Qxc8+ Kg7 31. Bh6+ Kxh6 32. Qf8+ Kh5 $19) 29... Qe4 $15)
27... Rd8 28. Qe2 Bf8 29. c5 Rd5 30. b4 Bg7 31. c6 $1 Bxc6 32. Rxd5 Bxd5 $13
33. Bd2 h5 34. Be1 Qe4 35. Qxe4 Bxe4 36. Ng3 Nxg3+ 37. hxg3 Be5 38. Bd2 (38.
Rf1 Kf8) 38... Bxg3 39. c4 $14 Kf8 40. Ra1 h4 41. Kg1 Bd3 42. Rxa6 (42. c5 $5)
42... Bxc4 43. Ra7 Ke8 44. Be3 Bd6 45. Ra5 Kd7 (45... Bxb4 $4 46. Ra4 $18) 46.
Ra7+ (46. b5 e5 47. b6 Kc6 48. Bc5 Bb8 49. Ra8 Kb7) 46... Ke8 47. Ra5 Kd7 48.
Ra7+ {Jezek jun.} 1/2-1/2

[Event "corr Chigorin mem"]
[Site "?"]
[Date "1992.??.??"]
[Round "?"]
[White "Ekebjaerg, Ove"]
[Black "Veinger, Itzhak"]
[Result "1-0"]
[WhiteElo "2635"]
[BlackElo "2585"]
[Annotator "EMS"]
[PlyCount "39"]
[EventDate "1992.02.01"]
[EventType "tourn (corr)"]
[EventRounds "14"]
[EventCountry "RUS"]
[SourceTitle "Fernschach2012"]
[Source "Bellmann"]
[SourceDate "2011.12.25"]

1. Nc3 d5 2. e4 dxe4 3. Nxe4 f5 $6 4. Ng3 e5 5. Bc4 g6 (5... Bc5 6. Bxg8 Rxg8
7. Qh5+ g6 8. Qxh7 Be6 9. Nf3 Nd7 10. d3 Nf6 11. Qh4 Ng4 12. Qxd8+ Rxd8 13. O-O
e4 14. Ng5) 6. d3 Nc6 7. Nf3 Qd6 {( Bd7, 0-0-0)} 8. O-O Bd7 9. Ng5 $1 Nh6 {
(#) If Black could play ...0-0-0 next move, his position would be favourable.
However, there comes a surprising knight sacrifice - Ekebjaerg.} 10. N5e4 fxe4
11. Nxe4 Qb4 {The only move for if 11...Qe7 12. Bg5 wins immediately.} 12. c3
Qb6 13. Be3 Nd4 14. cxd4 Nf5 15. Bg5 Bg7 16. dxe5 Bxe5 17. Re1 Kf8 18. Qf3 h5
19. Nf6 $1 Bc6 20. Rxe5 $3 {Ekebjaerg} (20. Rxe5 Bxf3 (20... Qxb2 21. Rae1 $1
Qxe5 (21... Bxf3 22. Nd7+ Kg7 23. Re7+ Nxe7 24. Rxe7#) 22. Rxe5 Bxf3 23. Nd7+
Kg7 24. gxf3 $18) 21. Nd7+ Kg7 22. Nxb6 $18 {CCYB12}) 1-0

[Event "corr Chigorin Memorial"]
[Site "?"]
[Date "1993.??.??"]
[Round "?"]
[White "Ekebjaerg, Ove"]
[Black "Morgado, Juan Sebastian"]
[Result "1/2-1/2"]
[WhiteElo "2635"]
[BlackElo "2505"]
[Annotator "EMS - Juan S. Morgado"]
[PlyCount "30"]
[EventDate "1993.??.??"]
[EventType "tourn (corr)"]
[EventCountry "RUS"]
[EventCategory "11"]
[SourceTitle "Fernschach2012"]
[Source "Bellmann"]
[SourceDate "2011.12.25"]

1. Nc3 d5 2. e4 c6 3. f4 dxe4 4. Nxe4 Nd7 5. Nf3 Ngf6 6. Nf2 g6 7. d4 Bg7 8.
Be2 (8. Bd3 O-O 9. f5 Nb6 10. g4 Nfd5 11. Bd2 Qc7 $13 {[%emt 0:00:01] Wachter,
K-Kliebe,H/DDR 984/Corr Nr. 1}) 8... O-O 9. O-O c5 (9... Qc7 10. c4 Rd8 11. Qb3
$14) 10. c3 cxd4 11. Nxd4 e5 12. fxe5 (12. Nb5 a6 13. fxe5 Ne8 (13... Nxe5 $11)
14. Nd6 Nxe5 15. Nxc8 Rxc8 $11) 12... Nxe5 13. Bg5 (13. Qb3 $5) 13... h6 (13...
Qa5 14. Qb3 $14) 14. Bh4 Qb6 15. Qb3 (15. Nd3 Ne4 $11) 15... Qxb3 1/2-1/2

[Event "corr 40 Jahre BdF/Einladungsturnier"]
[Site "BdF"]
[Date "1992.??.??"]
[Round "24"]
[White "Geet, Dick van"]
[Black "Brglez, Francisek"]
[Result "1-0"]
[WhiteElo "2629"]
[BlackElo "2495"]
[Annotator "EMS"]
[PlyCount "41"]
[EventDate "1992.??.??"]
[EventType "tourn (corr)"]
[EventRounds "14"]
[SourceTitle "Fernschach2012"]
[Source "Bellmann"]
[SourceDate "2011.12.25"]

1. Nc3 d5 2. e4 d4 3. Nce2 e5 4. Ng3 Be6 5. Nf3 Nd7 6. c3 c5 7. Bb5 Bd6 8. b4
Qb6 9. Bxd7+ Bxd7 10. bxc5 Qxc5 11. cxd4 exd4 12. Bb2 Be5 13. Rc1 Qe7 14. O-O
Nf6 15. Qb3 Bxg3 16. hxg3 Be6 17. Qd3 Qd7 18. Ba3 b5 19. Nxd4 a6 20. Qe3 Qb7
21. Nf5 1-0

[Event "corr 40 Jahre BdF/Einladungsturnier"]
[Site "BdF"]
[Date "1992.??.??"]
[Round "66"]
[White "Geet, Dick van"]
[Black "Messere, Kenneth Ch"]
[Result "1-0"]
[WhiteElo "2629"]
[BlackElo "2342"]
[Annotator "EMS"]
[PlyCount "61"]
[EventDate "1992.??.??"]
[EventType "tourn (corr)"]
[EventRounds "14"]
[SourceTitle "Fernschach2012"]
[Source "Bellmann"]
[SourceDate "2011.12.25"]

1. Nc3 d5 2. e4 d4 3. Nce2 c5 4. Ng3 g6 5. Bc4 Bg7 6. f4 Nf6 7. Qf3 Be6 8. Bxe6
fxe6 9. Qb3 Qb6 10. d3 Qxb3 11. axb3 Nc6 12. e5 Ng4 13. Ne4 Nb4 14. Kd1 Nd5 15.
Ke2 b6 16. g3 a5 17. Nf3 Kd7 18. Bd2 Nh6 19. c3 dxc3 20. bxc3 Nf5 21. Rhd1 h5
22. c4 Nc7 23. h4 Kc6 24. Be3 Bh6 25. Bf2 Na6 26. d4 Rhd8 27. dxc5 Rxd1 28.
Kxd1 Nxc5 29. Nxc5 bxc5 30. Kc2 Ra6 31. Ne1 1-0

[Event "Linares"]
[Site "Linares"]
[Date "1981.??.??"]
[Round "?"]
[White "Bellon Lopez, Juan Manuel"]
[Black "Gligoric, Svetozar"]
[Result "1-0"]
[WhiteElo "2415"]
[BlackElo "2530"]
[Annotator "EMS - Kharitonov"]
[PlyCount "60"]
[EventDate "1981.01.??"]
[EventType "tourn"]
[EventRounds "11"]
[EventCountry "ESP"]
[EventCategory "13"]
[SourceTitle "MCL"]
[Source "ChessBase"]
[SourceDate "1999.07.01"]

1. Nc3 d5 2. e4 (2. d4 $5) 2... d4 (2... dxe4 $5 3. Nxe4 Bf5) 3. Nce2 c5 4. d3
(4. Ng3 $5 {/\Bc4/}) 4... Nc6 5. f4 g6 (5... e5 $5 6. Nf3 Bd6) 6. g3 Bg7 7. Bg2
e5 8. Nf3 Nge7 9. O-O O-O (9... exf4 $5 10. Nxf4 (10. gxf4 f5) 10... O-O $13)
10. b4 $6 (10. h3 $5 {/\g4 /}) 10... cxb4 11. a3 (11. fxe5 Nxe5 12. Nfxd4 $2
Ng4 $19) 11... Bg4 (11... exf4 $5 12. Nxf4 $44 (12. gxf4 $2 f5 13. e5 Nd5 $17))
12. axb4 Bxf3 (12... exf4 13. b5) 13. Rxf3 Nxb4 14. Rb1 a5 15. Bd2 Qd6 $5 (
15... Nec6 16. f5 Bf6 17. Qc1 $1 $44) 16. Bh3 f5 (16... Nec6 17. f5 $44) 17.
exf5 Nxf5 18. fxe5 Qxe5 19. Bxf5 $8 Rxf5 20. Rxf5 Qxf5 21. Bxb4 axb4 22. Nf4 (
22. Rxb4 $2 Rf8 23. Qe1 Bh6 24. Nxd4 $2 (24. Nf4 $142 $17) 24... Be3+ $1 25.
Kg2 Qd5+ $19) 22... g5 $6 (22... Bh6 23. Qf3 Rd8 24. Kg2 Bxf4 25. Qxf4 Qxf4 26.
gxf4 Rc8 27. Rxb4 Rxc2+ 28. Kg3 $10) (22... Bf8 $5 23. Qf3 Ra2 $17) 23. Nh5 (
23. Qh5 $2 Rf8 $17) 23... Be5 24. g4 $1 (24. Rxb4 $2 g4 25. Nf4 Bxf4 26. gxf4
Qxf4 27. Rxb7 g3 28. hxg3 Qxg3+ 29. Kh1 Qh3+ 30. Kg1 Kh8 $19) 24... Qf7 25.
Rxb4 Re8 (25... Rf8 26. Qe2 $13) 26. Rb5 Kh8 $2 (26... Bxh2+ 27. Kg2 $8 Be5 28.
Qf3 Re7 29. Qxf7+ Kxf7 $15) 27. Qf1 $5 (27. Kg2 $5 Qd7 28. Rb2) 27... Bxh2+ (
27... Qd7 $2 28. Rxe5 $18) 28. Kg2 Bf4 $4 (28... Qxf1+ 29. Kxf1 Be5 $10) 29.
Rxg5 $18 Qc7 (29... Rf8 30. Rf5) (29... Re2+ 30. Qxe2 Bxg5 31. Qe5+ $18) 30.
Qxf4 Qc6+ (30... Qxc2+ 31. Kh3 Qxd3+ 32. Ng3 $18) (30... Qc6+ 31. Kg1 Re1+ 32.
Kf2 $18) 1-0

[Event "IBM"]
[Site "Amsterdam"]
[Date "1972.??.??"]
[Round "?"]
[White "Kortschnoj, Viktor"]
[Black "Ree, Hans"]
[Result "1-0"]
[WhiteElo "2670"]
[BlackElo "2430"]
[Annotator "Kombiecke 2"]
[PlyCount "59"]
[EventDate "1972.??.??"]
[EventType "tourn"]
[EventRounds "15"]
[EventCountry "NED"]
[EventCategory "10"]
[SourceTitle "MCL"]
[Source "ChessBase"]
[SourceDate "1999.07.01"]

1. c4 e5 2. Nc3 Nf6 3. Nf3 Nc6 4. g3 Bb4 5. Nd5 e4 6. Nh4 Bc5 7. Bg2 d6 8. d3
exd3 9. Qxd3 Ne5 10. Qc3 c6 11. Ne3 Qb6 12. O-O O-O 13. Nc2 a5 14. Be3 Re8 15.
Rad1 Neg4 16. Bxc5 Qxc5 17. h3 Ne5 18. Ne3 Be6 19. Nhf5 Bxf5 20. Nxf5 Rad8 21.
Rd4 Nxc4 22. Nxg7 Kxg7 23. Rg4+ Kf8 24. Qxf6 Ne5 25. Rh4 Kg8 26. Be4 Ng6 {
Diagramm [#]} 27. Rxh7 $1 {1:0} Kxh7 (27... Rxe4 28. Qxf7#) 28. Qxf7+ Kh8 (
28... Kh6 29. Qxg6#) 29. Bxg6 Qh5 30. Bxh5 $18 1-0

[Event "Reykjavik"]
[Site "Reykjavik"]
[Date "1987.??.??"]
[Round "?"]
[White "Kortschnoj, Viktor"]
[Black "Portisch, Lajos"]
[Result "1-0"]
[WhiteElo "2625"]
[BlackElo "2610"]
[Annotator "Kombiecke 4"]
[PlyCount "93"]
[EventDate "1987.02.??"]
[EventType "tourn"]
[EventRounds "11"]
[EventCountry "ISL"]
[EventCategory "14"]
[SourceTitle "CBM 002"]
[Source "ChessBase"]
[SourceDate "1988.02.01"]

1. Nf3 c5 2. e4 d6 3. d4 cxd4 4. Nxd4 Nf6 5. Nc3 a6 6. Be2 e6 7. Bf3 Qc7 8. g4
Nc6 9. g5 Nd7 10. a4 Be7 11. h4 O-O 12. Bg2 b6 13. Be3 Bb7 14. Rh3 Rfe8 15. Kf1
b5 16. Kg1 Nxd4 17. Qxd4 Bc6 18. h5 Bf8 19. Rg3 Ne5 20. b3 Rac8 21. f4 Nd7 22.
axb5 axb5 23. g6 fxg6 24. hxg6 h6 25. Bh3 Nf6 26. Ra7 Qd8 27. Rf7 Rc7 28. e5
Nd5 29. Bxe6 Rxe6 30. Nxd5 Rxf7 31. gxf7+ Kxf7 32. Qd3 Kg8 33. Nf6+ Rxf6 34.
exf6 Qxf6 35. Qg6 Qh4 36. Kf2 Qh2+ 37. Ke1 Be4 38. Qe6+ Kh8 39. Bf2 Qh1+ 40.
Kd2 Qf1 41. Be3 d5 42. Qe8 Kg8 {Diagramm [#]} 43. Rxg7+ $1 Kxg7 44. Bd4+ Kg8 (
44... Kh7 45. Qf7+ Bg7 46. Qxg7#) 45. Qe6+ Kh7 46. Qf7+ {1:0} Bg7 47. Qxg7# 1-0

[Event "Candidates final"]
[Site "Moscow"]
[Date "1974.??.??"]
[Round "21"]
[White "Kortschnoj, Viktor"]
[Black "Karpov, Anatoly"]
[Result "1-0"]
[WhiteElo "2670"]
[BlackElo "2700"]
[Annotator "Kombiecke 7"]
[PlyCount "39"]
[EventDate "1974.09.16"]
[EventType "match"]
[EventRounds "24"]
[EventCountry "URS"]
[SourceTitle "Candidates"]
[Source "ChessBase"]
[SourceDate "1999.07.01"]

1. d4 Nf6 2. Nf3 e6 3. g3 b6 4. Bg2 Bb7 5. c4 Be7 6. Nc3 O-O 7. Qc2 c5 8. d5
exd5 9. Ng5 Nc6 10. Nxd5 g6 11. Qd2 Nxd5 12. Bxd5 Rb8 {Diagramm [#]} 13. Nxh7
$1 Re8 (13... Kxh7 14. Qh6+ Kg8 15. Qxg6+ Kh8 16. Qh5+ Kg8 17. Be4 f5 (17...
Re8 18. Qh7+ Kf8 19. Bh6#) 18. Bd5+ Rf7 (18... Kg7 19. Qh6#) 19. Qxf7+ Kh8 20.
Qh5+ Kg7 21. Qh6#) (13... Nd4 14. Nxf8 Bxd5 15. cxd5 Qxf8 16. O-O $18) 14. Qh6
Ne5 (14... Bf8 15. Qxg6+ Kh8 16. Qh5 Kg7 17. Qxf7+ Kh8 18. Qg8#) 15. Ng5 $1
Bxg5 16. Bxg5 Qxg5 (16... Qc7 17. Bf6 Nd3+ 18. Kf1 Bxd5 19. Qh8#) 17. Qxg5 Bxd5
18. O-O $1 (18. cxd5 $4 Nf3+ 19. Kf1 Nxg5 $19) 18... Bxc4 19. f4 {1:0} Nc6 20.
f5 $18 1-0

[Event "Luzern ol (Men)"]
[Site "Luzern"]
[Date "1982.11.11"]
[Round "11"]
[White "Torre, Eugenio"]
[Black "Kortschnoj, Viktor"]
[Result "0-1"]
[WhiteElo "2505"]
[BlackElo "2665"]
[Annotator "Kombiecke 8"]
[PlyCount "90"]
[EventDate "1982.10.29"]
[EventType "team-swiss"]
[EventRounds "14"]
[EventCountry "SUI"]
[SourceTitle "EXT 1997"]
[Source "ChessBase"]
[SourceDate "1996.11.15"]
[WhiteTeam "Philippines"]
[BlackTeam "Switzerland"]
[WhiteTeamCountry "PHI"]
[BlackTeamCountry "SUI"]

1. d4 Nf6 2. c4 e6 3. Nc3 Bb4 4. e3 O-O 5. Nge2 d5 6. a3 Be7 7. cxd5 Nxd5 8. e4
Nxc3 9. Nxc3 c5 10. d5 exd5 11. Nxd5 Nc6 12. Bc4 Bf6 13. O-O Bd4 14. Be3 Be6
15. Bxd4 Nxd4 16. b4 b6 17. Rc1 f5 18. bxc5 bxc5 19. Ne3 Bxc4 20. Rxc4 f4 21.
Nc2 Ne6 22. Qd5 Qe7 23. Ne1 Rad8 24. Qe5 Qd6 25. Qxd6 Rxd6 26. Nf3 Rb8 27. h4
h6 28. Ra4 Rb7 29. Rc1 g5 30. Ne5 gxh4 31. Nc4 Rd3 32. Kh2 Rg7 33. Ra6 Ng5 34.
Ne5 Rd2 35. Rxc5 Nxe4 36. Rc8+ Kh7 37. Rcc6 Nxf2 38. Rxh6+ Kg8 39. Rad6 {
Diagramm [#]} h3 $1 40. Rdg6 (40. gxh3 Ng4+ 41. Kh1 Rh2+ 42. Kg1 Nxe5+ 43. Kxh2
Nf3+ 44. Kh1 Rg1#) (40. Rxd2 $2 Rxg2#) 40... Re2 $1 41. Kg1 (41. Rxg7+ Kxg7 42.
Rh5 Rxe5 $1 43. Rxe5 Ng4+ 44. Kxh3 Nxe5 $19) 41... Rxg6 42. Rxg6+ (42. Nxg6 Ng4
43. Rh8+ (43. Rh4 $2 Re1#) 43... Kf7 44. gxh3 Re1+ 45. Kg2 Ne3+ 46. Kf2 Rf1+
47. Ke2 Kxg6 $19) 42... Kh7 43. Rf6 (43. Re6 h2+ 44. Kxh2 Rxe5 45. Rxe5 Ng4+
46. Kh3 Nxe5 $19) 43... hxg2 {0:1} 44. Kxg2 Nd3+ 45. Kf3 Rxe5 $19 0-1

[Event "Baku Chess Olympiad | Open"]
[Site "chess24.com"]
[Date "2016.09.09"]
[Round "7.3"]
[White "Stupak, Kirill"]
[Black "Bluebaum, Matthias"]
[Result "1/2-1/2"]
[WhiteElo "2561"]
[BlackElo "2626"]
[PlyCount "82"]
[EventDate "2016.??.??"]
[SourceDate "2015.04.14"]
[WhiteTeam "Weißrussland"]
[BlackTeam "Deutschland"]
[WhiteTeamCountry "BLR"]
[BlackTeamCountry "GER"]
[WhiteClock "0:47:11"]
[BlackClock "0:33:35"]

1. c4 Nf6 2. Nc3 c5 3. Nf3 e6 4. g3 b6 5. Bg2 Bb7 6. O-O Be7 7. d4 cxd4 8. Qxd4
O-O 9. Bf4 Nc6 10. Qd2 Na5 11. b3 d5 12. cxd5 Nxd5 13. Nxd5 Qxd5 14. Rac1 Rac8
15. Qxd5 Bxd5 16. Nd4 Bxg2 17. Kxg2 a6 18. Rfd1 Rxc1 19. Rxc1 Bc5 20. Nf3 Nb7
21. Bc7 f6 22. Ne1 Rf7 23. Bb8 Rf8 24. Bf4 e5 25. Bd2 Rd8 26. Nd3 Ba3 27. Rc2
Nc5 28. Nxc5 Bxc5 29. b4 Bf8 30. a3 Rd5 31. Kf1 a5 32. Ke1 axb4 33. axb4 Kf7
34. Rc8 Be7 35. Bc3 Ke6 36. e4 Rd8 37. Rc6+ Rd6 38. Rc7 Rd7 39. Rc6+ Rd6 40.
Rc7 Rd7 41. Rc6+ Rd6 1/2-1/2

[Event "Baku Chess Olympiad | Open"]
[Site "chess24.com"]
[Date "2016.09.04"]
[Round "3.2"]
[White "Kryvoruchko, Yuriy"]
[Black "Bluebaum, Matthias"]
[Result "1/2-1/2"]
[WhiteElo "2693"]
[BlackElo "2626"]
[Annotator "Matthias Krallmann"]
[PlyCount "157"]
[EventDate "2016.??.??"]
[SourceDate "2015.04.14"]
[WhiteTeam "Ukraine"]
[BlackTeam "Deutschland"]
[WhiteTeamCountry "UKR"]
[BlackTeamCountry "GER"]
[WhiteClock "0:07:55"]
[BlackClock "0:04:47"]

1. e4 e6 2. d4 d5 3. Nc3 Nf6 4. e5 Nfd7 5. f4 c5 6. Nf3 Nc6 7. Be3 Be7 8. Qd2
a6 9. Be2 O-O 10. O-O b5 11. Nd1 b4 12. c3 a5 13. Bf2 f6 $146 (13... cxd4 14.
cxd4 a4 15. Ne3 Nb6 16. Bd3 g6 17. Qe2 Na5 18. g4 f5 19. exf6 Bxf6 20. Ne5 Nd7
21. Rac1 Nxe5 22. fxe5 Bg5 23. h4 Bf4 24. g5 Nc4 25. Ng4 Bxc1 26. Rxc1 b3 27.
a3 Ba6 28. Nf6+ Rxf6 29. gxf6 Qd7 30. Kh2 Kh8 31. Rg1 Rg8 32. Rg5 Qf7 33. h5
gxh5 34. Qxh5 Rf8 35. Bg6 Qg8 36. Be8 {1-0 Swiercz,D (2622)-Rombaldoni,A (2488)
/Civitanova Marche 2015/CBM 166 Extra}) 14. Ne3 fxe5 15. fxe5 Ba6 16. Nc2 Qc8
17. Bxa6 Qxa6 18. Be3 bxc3 19. bxc3 cxd4 20. cxd4 Nb4 21. Bg5 Bxg5 22. Nxg5 h6
23. Rxf8+ Nxf8 24. Nf3 Nxc2 25. Qxc2 Rc8 26. Qd2 Qb6 27. h4 Rc4 28. h5 Rb4 29.
Kh2 Rb2 30. Qe1 $6 (30. Qc3 a4 31. Nh4 Qb4 32. Qxb4 Rxb4 33. Ng6 Rxd4 34. Rb1
Nxg6 35. hxg6 Kf8 36. Rb8+ Ke7 37. Rb7+ Ke8 38. Rxg7 Kf8 39. Rf7+ Kg8 40. Rf6
Rd2 41. Rxe6 Rxa2 42. Re7 Re2 43. Ra7 $11) 30... a4 31. Qc3 Qb5 32. Nh4 Qe2 33.
Qf3 Qxf3 34. Nxf3 a3 (34... g6 35. a3 Kg7 36. Kg3 Rb3 (36... gxh5 37. Rc1 Ra2
38. Rc7+ Kg8 39. Ra7 Rxa3 40. Kh4 Ra2 41. Kxh5 Rxg2 42. Kxh6 $11) 37. Rc1 g5
38. Rc7+ Kg8 39. Ra7 Rxa3 40. Kg4 Ra2 41. Kg3 $11) 35. Nh4 Kf7 36. Rc1 Rxa2 37.
Rc7+ Ke8 38. Ng6 Nxg6 39. hxg6 Rd2 40. Rxg7 Kf8 (40... Rxd4 41. Ra7 Rg4 42.
Ra8+ Ke7 43. Rxa3 Rxg6 44. Ra7+ Ke8 45. Rh7 Kf8 46. Kh3 Rg5 47. Rxh6 Rxe5 48.
Kg3 Kg7 49. Rh4 Re3+ 50. Kf2 Rb3 51. g4 Rb8 $17) 41. Ra7 Rxd4 42. Rxa3 Re4 43.
Ra7 Rxe5 44. g7+ Kg8 45. Rd7 Rg5 46. Re7 e5 47. Kg1 h5 48. Kf2 h4 49. Rd7 d4
50. Re7 d3 51. Kf1 Kh7 52. Kf2 Kg8 53. Kf1 Kh7 54. Kf2 d2 55. Rd7 Rxg7 56. Rxd2
$11 Kg6 57. Rd8 Kf5 58. Rh8 Rg4 59. Kf3 Rf4+ 60. Ke3 Re4+ 61. Kf3 Rf4+ 62. Ke3
Ra4 63. Rf8+ Ke6 64. Rh8 Ra3+ 65. Ke4 Ra4+ 66. Ke3 Kf6 67. Rf8+ Kg6 68. Re8 Kf6
69. Rf8+ Kg7 70. Re8 Ra3+ 71. Ke4 Kf6 72. Rf8+ Kg7 73. Rf5 Ra2 74. Rxe5 Rxg2
75. Rh5 Ra2 76. Kf3 h3 77. Rxh3 Ra3+ 78. Kg2 Rxh3 79. Kxh3 1/2-1/2

[Event "Baku Chess Olympiad | Open"]
[Site "chess24.com"]
[Date "2016.09.09"]
[Round "7.4"]
[White "Babula, Vlastimil"]
[Black "Grischuk, Alexander"]
[Result "1/2-1/2"]
[WhiteElo "2540"]
[BlackElo "2754"]
[PlyCount "80"]
[EventDate "2016.??.??"]
[SourceDate "2015.04.14"]
[WhiteTeam "Tschechien"]
[BlackTeam "Russland"]
[WhiteTeamCountry "CZE"]
[BlackTeamCountry "RUS"]
[WhiteClock "0:32:10"]
[BlackClock "0:32:10"]

1. d4 d5 2. c4 c6 3. Nf3 Nf6 4. Nc3 e6 5. Bg5 Nbd7 6. e3 h6 7. Bh4 g5 8. Bg3
Nh5 9. cxd5 exd5 10. Bd3 Nxg3 11. hxg3 Bg7 12. O-O Nb6 13. b4 h5 14. b5 h4 15.
bxc6 bxc6 16. Qc2 hxg3 17. fxg3 Qd6 18. Ne2 Bd7 19. Rac1 Qe7 20. e4 dxe4 21.
Bxe4 Rh6 22. g4 O-O-O 23. Ng3 Kb8 24. Bf5 Qd6 25. Qf2 Rdh8 26. Bxd7 Qxd7 27.
Qe3 Ka8 28. Nf5 Rh1+ 29. Kf2 Rxf1+ 30. Rxf1 Bf6 31. Re1 Nd5 32. Qa3 Nf4 33. Qc3
Qd5 34. Kg1 Rc8 35. Qb3 Qxb3 36. axb3 Rb8 37. Re3 Nd5 38. Rd3 Nf4 39. Re3 Nd5
40. Rd3 Nf4 1/2-1/2

[Event "Baku Chess Olympiad | Open"]
[Site "chess24.com"]
[Date "2016.09.03"]
[Round "2.3"]
[White "Babula, Vlastimil"]
[Black "Hjartarson, Johann"]
[Result "1-0"]
[WhiteElo "2540"]
[BlackElo "2545"]
[Annotator "Matthias Krallmann"]
[PlyCount "69"]
[EventDate "2016.??.??"]
[SourceDate "2015.04.14"]
[WhiteTeam "Tschechien"]
[BlackTeam "Island"]
[WhiteTeamCountry "CZE"]
[BlackTeamCountry "ISL"]
[WhiteClock "0:03:07"]
[BlackClock "0:04:03"]

1. d4 Nf6 2. c4 e6 3. Nf3 b6 4. Bf4 Bb7 5. e3 Bb4+ 6. Nfd2 O-O 7. a3 Bxd2+ 8.
Nxd2 d6 9. Be2 Nbd7 10. O-O a5 11. Re1 (11. b3 Qe7 12. Bg3 c5 13. Qc2 Rfc8 14.
Qb2 d5 15. Rfd1 a4 16. cxd5 Bxd5 17. bxa4 Rxa4 18. Bb5 Raa8 19. Bxd7 Nxd7 20.
e4 Bc6 21. Nc4 cxd4 22. Rxd4 e5 23. Nxe5 Nxe5 24. Bxe5 f6 25. Bd6 Qb7 26. Re1
Rd8 27. h3 b5 28. Re3 Qf7 29. Qd2 Rd7 30. Rc3 Bb7 31. f4 Qe6 32. e5 fxe5 33.
fxe5 Rf7 34. Rb4 Ba6 35. Kh2 Rd8 36. Qg5 Re8 37. Rg3 Rc8 38. Qe3 Re8 39. Qb6
Ra8 40. Rbg4 Qd5 41. Bb4 {1-0 Conquest,S (2601)-Almasi,Z (2630)/Pamplona 2002/
CBM 087}) 11... a4 12. Bd3 Ra5 13. e4 e5 14. Be3 Re8 15. d5 Nc5 16. Bc2 Nfd7
17. Nb1 c6 18. Nc3 cxd5 19. cxd5 (19. exd5 Qa8 20. Bd2 Ra6 21. Re3 g6 22. h4
$16) 19... Qa8 20. Rc1 Rc8 21. Bd2 Rc7 22. Na2 Ra7 23. Bb4 b5 24. Bd3 Ba6 25.
Bf1 Rc8 26. Rc2 Qb8 27. Bd2 Nf6 28. Nb4 Qb6 29. Nc6 $16 {Diagramm #} Rd7 30.
Ba5 Qb7 31. f3 Qa8 32. Bb4 Nb3 33. Kh1 Qb7 34. g3 Qb6 35. Bh3 1-0